000 00482nam a22001697a 4500
005 20240610155001.0
008 240610b |||||||| |||| 00| 0 eng d
020 _a9780672337895
082 _a05.7137
_bCAS-S
100 _aCasad, Joe
245 _aTCP/IP in 24 hours, sams teach yourself /
_cJoe Casad
260 _aindia:
_bPearson;
_c2017.
300 _a922 p. :
_bill;
_c24 cm.
500 _ainclude index.
650 _acomputer science/ web operating system
999 _c35887
_d35887